000 00688nam a2200265Ia 4500
005 20260121170309.0
008 008 260114s9999 xx 000 0 eng d
020 _a9781137581006
037 _aEBOOK
040 _aCRL
040 _beng
040 _cCRL
041 _2eng
041 _aeng
084 _qCRL
100 _aClaire Penn, Jennifer Watermeyer
_91062185
245 0 _aCommunicating Across Cultures and Languages in the Health Care Setting
260 _bSpringer
260 _bSpringer
260 _c2018
856 _uhttps://link.springer.com/openurl?genre=book&isbn=978-1-137-58100-6
942 _cEBOOK
999 _c1627914
_d1627914